| 000 | 00457nam a2200157 4500 | ||
|---|---|---|---|
| 001 | 116088 | ||
| 003 | ES-MaACL | ||
| 005 | 20230906190630.0 | ||
| 007 | t| | ||
| 008 | 061121s1966 sp r ||||1| spa d | ||
| 100 | 1 |
_aArana Goiri, Sabino ( _d1865-1903) _922256 |
|
| 245 | 1 | 0 |
_aPater noster _b: = Geure ata goikua. |
| 260 |
_a[S. l.] : _b[s. n.], _c1966 ( _eBilbao : _fGráf. Ellacuria) |
||
| 300 |
_a72 p. ; _c24 cm. |
||
| 852 |
_aES-MaACL _jC-29729 _bR.59819 |
||
| 999 |
_c116088 _d116088 |
||